000 00555cam a2200205ua 4500
001 2204
005 20260515113447.0
008 110805n ii |||gr||||Z||||||eng
020 _a81-7024-380-7
040 _cMAIN
082 _a371.3
100 _aSiddiqui, Mujibul Hasan,
245 1 _aModels of teaching theory and research
_cby Mujibul Hasan Siddiqui
250 _a1st.
260 _aNew Delhi:
_bAshish publishing house,991.
300 _a136p:
_c23cm.
653 _aEducation
653 _amodels of teaching theory and research
942 _cBK
999 _c2070
_d2070